Taiwan Utility Pole Plaques - Statistics

General Stats
  • This quiz has been taken 8 times
  • The average score is 7 of 22
Answers on the Map
Answers color-coded by a green-red scale on the quiz's map according to % correct below.
 
Answer Stats
Answer % Correct
E
83%
B
67%
S
67%
J
50%
L
50%
V
50%
C
33%
G
33%
H
33%
N
33%
P
33%
R
33%
T
33%
W
33%
A
17%
D
17%
K
17%
O
17%
Q
17%
F
0%
M
0%
Z
0%
No matching quizzes found
Score Distribution
Percent of People with Each Score
Percentile by Number Answered
Your Score History
You have not taken this quiz